Normal view
MARC view
- International Institute of Islamic Thought and Civilization
Entry Corporate Name
001 - CONTROL NUMBER
- control field: 2494
003 - CONTROL NUMBER IDENTIFIER
- control field: OSt
005 - DATE AND TIME OF LATEST TRANSACTION
- control field: 20170509084348.0
008 - FIXED-LENGTH DATA ELEMENTS
- fixed length control field: 170509|| aca||aabn | a|a d
040 ## - CATALOGING SOURCE
- Original cataloging agency: OSt
- Transcribing agency: OSt
110 ## - HEADING--CORPORATE NAME
- Corporate name or jurisdiction name as entry element: International Institute of Islamic Thought and Civilization
670 ## - SOURCE DATA FOUND
- Source citation: Work cat.: (OSt)0: Wan Mohd Nor Wan Daud, 1955- 464, The beacon on the crest of a hill :, 1991

PORTAL AKMAL
E-MEL JKDM
AKMAL2U
G-BAM
u-PUSTAKA